logo

Bir Sreshtho Munshi Abdur Rouf Library
Jhenaidah Cadet College

পাশ্চাত্ত্য দর্শনের সংক্ষিপ্ত ইতিহাস / (Record no. 4475)

MARC details
000 -LEADER
fixed length control field 00696nam a2200217 a 4500
001 - CONTROL NUMBER
JCCL Control Number 4475
003 - CONTROL NUMBER IDENTIFIER
JCCL marc code BD-JhCC
005 - DATE AND TIME OF LATEST TRANSACTION
control field 20181118134015.0
008 - FIXED-LENGTH DATA ELEMENTS--GENERAL INFORMATION
fixed length control field 171127s2002 ii |||| ||a| 00| 0 eng d
035 ## - SYSTEM CONTROL NUMBER
system control number (BD-JhCC)4475
040 ## - CATALOGING SOURCE
Original cataloging agency BD-JhCC
Modifying agency BD-JhCC
041 ## - LANGUAGE CODE
Language code of Book ben
082 ## - DEWEY DECIMAL CLASSIFICATION NUMBER
Classification number 182.9
Author mark and Year HUM 2002
100 ## - MAIN ENTRY--PERSONAL NAME
Personal name হিউম, বেকন
245 ## - TITLE STATEMENT
Title পাশ্চাত্ত্য দর্শনের সংক্ষিপ্ত ইতিহাস /
Statement of responsibility, etc বেকন হিউম
260 ## - PUBLICATION, DISTRIBUTION, ETC. (IMPRINT)
Place of publication, distribution, etc কোলকাতা :
Name of publisher, distributor, etc ব্যানার্জী পাবলিশার্স,
Date of publication, distribution, etc 2002.
300 ## - PHYSICAL DESCRIPTION
Pagination 310 p. :
Dimensions 22 cm.
650 ## - SUBJECT ADDED ENTRY--TOPICAL TERM
Topical term or geographic name as entry element Phlosopy
942 ## - ADDED ENTRY ELEMENTS (KOHA)
Source of classification or shelving scheme Dewey Decimal Classification
Koha item type Books
Koha issues (borrowed), all copies 1
Holdings
Source of classification or shelving scheme Damaged status Not for loan Home library Current library Shelving location Date of accession Total Checkouts Full call number Barcode Date last seen Date checked out Copy number Koha item type
Dewey Decimal Classification     JCC Rouf Library JCC Rouf Library General Stacks 11/27/2017 1 182.9 HUM 2002 6287 01/01/2019 11/18/2018 C-1 Books

JCC Library | Contacts | JCC Home

Last Update on 23 September 2017
Copyright @ 2017-2020 JCC Rouf Library
Rouf Library, Jhenidah Cadet College (JCC), Bangladesh